Paramarthasara/ (Record no. 33454)

000 -LEADER
fixed length control field 00362nam a22001571a 4500
020 ## - INTERNATIONAL STANDARD BOOK NUMBER
ISBN 9788185504414
082 ## - DEWEY DECIMAL CLASSIFICATION NUMBER
Classification number S 294.551 3
Item number ABH/P
100 ## - MAIN ENTRY--AUTHOR NAME
Personal name Abhinavaguptapada
245 ## - TITLE STATEMENT
Title Paramarthasara/
Statement of responsibility, etc by Abhinavaguptapada
260 ## - PUBLICATION, DISTRIBUTION, ETC. (IMPRINT)
Place of publication Delhi:
Name of publisher Penman,
Year of publication 2003.
300 ## - PHYSICAL DESCRIPTION
Number of Pages 275p.
650 ## - SUBJECT ADDED ENTRY--TOPICAL TERM
Topical Term Saivism
650 ## - SUBJECT ADDED ENTRY--TOPICAL TERM
Topical Term Hinduism
650 ## - SUBJECT ADDED ENTRY--TOPICAL TERM
Topical Term Religion
942 ## - ADDED ENTRY ELEMENTS (KOHA)
Koha item type Book
Holdings
Withdrawn status Lost status Damaged status Not for loan Permanent Location Current Location Date acquired Cost, normal purchase price Full call number Accession Number Cost, replacement price Price effective from Koha item type
        Sree Sankaracharya University of Sanskrit Sree Sankaracharya University of Sanskrit 08.01.2015 74.00 S 294.551 3 ABH/P 046187 0.00 08.01.2015 Book